000 00436nam a2200193Ia 4500
005 20240823034004.0
008 240823s9999||||xx |||||||||||||| ||und||
020 _a978-81-264-2333-0
041 _aMALAYALAM
082 _A894.8123 P9
100 _aHenryk Sienkiewicz
245 0 _aQuo Vadis
250 _a1st
260 _c2009
_b"D C Books,Kot"
500 _aYES
650 _aNovel
_bEnglish
942 _cBK
999 _c197144
_d197144